Zen leben - Christ bleiben

Saved in:  
Bibliographic Details
Main Author: Hábito, Rubén L.F. 1947- (Author)
Format: Print Book
Language:German
Subito Delivery Service: Order now.
Check availability: HBZ Gateway
WorldCat: WorldCat
Interlibrary Loan:Interlibrary Loan for the Fachinformationsdienste (Specialized Information Services in Germany)
Published: Frankfurt am Main Barth 2006
In:Year: 2006
Reviews:Living Zen, Loving God (review) (2007) (Kennedy, Robert Peter)
[Rezension von: Habito, Ruben L.F., 1947-, Zen leben - Christ bleiben] (2006) (Schmiedel, Michael A., 1965 -)
Edition:1. Aufl.
Standardized Subjects / Keyword chains:B Christianity / Zen Buddhism

MARC

LEADER 00000cam a2200000 c 4500
001 505973383
003 DE-627
005 20251223211124.0
007 tu
008 060119s2006 gw ||||| 00| ||ger c
015 |a 06,N05,0278  |2 dnb 
015 |a 06,A19,0264  |2 dnb 
016 7 |a 97787463X  |2 DE-101 
020 |a 3502611548  |c Gb. : ca. EUR 16.90, sfr 30.00  |9 3-502-61154-8 
020 |a 9783502611547  |c  : Pp. : EUR 16.90, sfr 30.00  |9 978-3-502-61154-7 
024 3 |a 9783502611547 
035 |a (DE-627)505973383 
035 |a (DE-576)252610687 
035 |a (DE-599)GBV505973383 
035 |a (OCoLC)181528334 
035 |a (AT-OBV)AC05172127 
040 |a DE-627  |b ger  |c DE-627  |e rakwb 
041 |a ger 
044 |c XA-DE-HE 
082 0 |a 200  |q BSZ 
082 0 4 |a 230  |a 290 
082 0 4 |a 200 
084 |a 11.07  |2 bkl 
084 |a 11.93  |2 bkl 
084 |a 11.53  |2 bkl 
100 1 |0 (DE-588)1089668589  |0 (DE-627)851122531  |0 (DE-576)46008433X  |4 aut  |a Hábito, Rubén L.F.  |d 1947- 
109 |a Hábito, Rubén L.F. 1947-  |a Habito, Ruben 1947-  |a Abito, Rūben 1947-  |a Habito, Ruben L. 1947-  |a Habito, Ruben L. F. 1947-  |a Abito, Ruben 1947-  |a Rūben·Abito 1947-  |a Abito, Ruben L. F. 1947- 
240 1 0 |a Living Zen, loving God <dt.> 
245 1 0 |a Zen leben - Christ bleiben  |c Ruben Habito. Aus dem Amerikan. von Michael Schmidt 
250 |a 1. Aufl. 
263 |a Erscheint: März 2006 
264 1 |a Frankfurt am Main  |b Barth  |c 2006 
300 |a 191 S.  |c 21 cm 
336 |a Text  |b txt  |2 rdacontent 
337 |a ohne Hilfsmittel zu benutzen  |b n  |2 rdamedia 
338 |a Band  |b nc  |2 rdacarrier 
583 1 |a Archivierung prüfen  |c 20200919  |f DE-640  |z 2  |2 pdager 
583 1 |a Archivierung prüfen  |c 20240324  |f DE-4165  |z 1  |2 pdager 
689 0 0 |d s  |0 (DE-588)4010074-1  |0 (DE-627)104493933  |0 (DE-576)20888579X  |2 gnd  |a Christentum 
689 0 1 |d s  |0 (DE-588)4117709-5  |0 (DE-627)105797154  |0 (DE-576)209512210  |2 gnd  |a Zen-Buddhismus 
689 0 |5 DE-101 
700 1 |8 1\p  |0 (DE-588)1089668589  |0 (DE-627)851122531  |0 (DE-576)46008433X  |4 aut  |a Hábito, Rubén L.F.  |d 1947- 
700 1 2 |a Hábito, Rubén L.F.  |d 1947-  |t Living Zen, loving God <dt.> 
787 0 8 |i Rezensiert in  |a Kennedy, Robert Peter  |t Living Zen, Loving God (review)  |d 2007  |w (DE-627)1812892314 
787 0 8 |i Rezensiert in  |a Schmiedel, Michael A., 1965 -   |t [Rezension von: Habito, Ruben L.F., 1947-, Zen leben - Christ bleiben]  |d 2006  |w (DE-627)1871705592 
883 |8 1\p  |a cgwrk  |d 20241001  |q DE-101  |u https://d-nb.info/provenance/plan#cgwrk 
935 |a mteo 
935 |i Blocktest 
936 b k |a 11.07  |j Interreligiöse Beziehungen  |0 (DE-627)106403710 
936 b k |a 11.93  |j Buddhismus  |0 (DE-627)106415336 
936 b k |a 11.53  |j Neuzeitliches Christentum  |0 (DE-627)181571498 
951 |a BO 
ELC |b 1 
ORI |a SA-MARC-ixtheo_oa001.raw 
REL |a 1 
STA 0 0 |a Christianity,Christian world view,World view,Christian ideology,Zen Buddhism,Zen Buddhism 
STB 0 0 |a Bouddhisme zen,Bouddhisme zen,Chan (bouddhisme),Christianisme,Christianisme 
STC 0 0 |a Budismo zen,Budismo zen,Cristianismo,Cristianismo,Cristiandad,Cristiandad,Cristiandad (Motivo),Cristiandad 
STD 0 0 |a Buddhismo zen <motivo>,Buddhismo zen,Buddismo zen,Buddismo zen,Buddismo zen (motivo),Buddismo zen,Cristianesimo,Cristianesimo 
STE 0 0 |a 基督教,基督教,基督教世界观,禅宗佛教,佛心宗 
STF 0 0 |a 基督教,基督教,基督教世界觀,禪宗佛教,佛心宗 
STG 0 0 |a Budismo zen,Budismo zen,Cristianismo,Cristianismo,Cristandade,Cristandade,Cristandade (Motivo),Cristandade 
STH 0 0 |a Дзэн-буддизм (мотив),Дзэн-буддизм,Христианство (мотив),Христианство 
STI 0 0 |a Ζεν Βουδισμός (μοτίβο),Ζεν Βουδισμός,Χριστιανισμός (μοτίβο),Χριστιανισμός 
SUB |a REL 
SYG 0 0 |a Christianity,Christliche Mission,Missionierung,Christenheit,Christianitas,Christliche Religion,Christliche Weltanschauung , Ch'an-Buddhismus,Chan-Buddhismus,Zen